[Event "Niederbayern-ch Seniors"]
[Site "Vilshofen"]
[Date "2018.04.06"]
[Round "3"]
[White "Sierian, Peter"]
[Black "Beutel, Hubert"]
[Result "1-0"]
[WhiteElo "1769"]
[BlackElo "1823"]
[PlyCount "99"]
[EventDate "2018.04.05"]
[EventType "tourn"]
[EventRounds "5"]
[EventCountry "GER"]
[SourceTitle "EXT 2023"]
[Source "ChessBase"]
[SourceDate "2022.10.05"]
[SourceVersion "1"]
[SourceVersionDate "2022.10.05"]
[SourceQuality "1"]

1. d4 f5 2. Nf3 Nf6 3. c4 e6 4. e3 d5 5. cxd5 exd5 6. Bb5+ c6 7. Be2 Bd6 8. 0-0 Qe7 9. Nc3 0-0 10. Qc2 Kh8 11. Bd3 Ne4 12. g3 Nd7 13. Bd2 Ndf6 14. Ne1 g6 15. Ng2 Bd7 16. Rad1 Rae8 17. Bc1 Qg7 18. Be2 Nxc3 19. bxc3 g5 20. Bd3 f4 21. exf4 gxf4 22. Bxf4 Bxf4 23. Nxf4 Ne4 24. Bxe4 dxe4 25. Ng2 Bg4 26. Rde1 Bf3 27. Nh4 Qg4 28. Re3 Qh3 29. Rb1 Rf4 30. Nxf3 Rxf3 31. Rxe4 Ref8 32. Rh4 Qd7 33. Rf1 R8f7 34. Kg2 Qd5 35. Kg1 b5 36. Re4 Kg7 37. Re5 Qc4 38. Qd2 R3f6 39. Rg5+ Rg6 40. Rxg6+ hxg6 41. Re1 Qd5 42. Qe2 a5 43. Qe5+ Qxe5 44. Rxe5 b4 45. Rxa5 bxc3 46. Rc5 Ra7 47. Rxc3 Rxa2 48. Rxc6 Rd2 49. Rd6 g5 50. h3 1-0

[Event "Arber op Seniors 4th"]
[Site "Bodenmais"]
[Date "2016.08.01"]
[Round "3"]
[White "Beutel, Hubert"]
[Black "Wittkugel, Friedhelm"]
[Result "0-1"]
[WhiteElo "1913"]
[BlackElo "1977"]
[PlyCount "88"]
[EventDate "2016.07.30"]
[EventType "swiss"]
[EventRounds "9"]
[EventCountry "GER"]
[SourceTitle "EXT 2017"]
[Source "ChessBase"]
[SourceDate "2016.10.25"]
[SourceVersion "1"]
[SourceVersionDate "2016.10.25"]
[SourceQuality "1"]

1. e4 g6 2. Nc3 Bg7 3. g3 c5 4. Bg2 Nc6 5. Nh3 d6 6. d3 Nf6 7. Nf4 Nd4 8. Ncd5 Nd7 9. c3 Nc6 10. Qe2 0-0 11. h4 e6 12. Ne3 Nf6 13. h5 g5 14. h6 Bh8 15. Nh5 Nxh5 16. Qxh5 Ne5 17. f4 Nxd3+ 18. Ke2 Nxc1+ 19. Raxc1 f6 20. Rcd1 Bd7 21. Qf3 Bb5+ 22. c4 Bc6 23. Qg4 Qe7 24. Kf2 Rf7 25. Bf3 Kf8 26. Qh3 gxf4 27. gxf4 f5 28. Bh5 Bxe4 29. Rhg1 Rf6 30. Qg3 Rg6 31. Bxg6 hxg6 32. Qxg6 Qf7 33. Rxd6 Ke7 34. Qxf7+ Kxf7 35. h7 Bc6 36. b4 cxb4 37. c5 Bf6 38. Nc4 Rh8 39. Ne5+ Bxe5 40. fxe5 Rxh7 41. Ke3 Rh4 42. Rd8 Re4+ 43. Kd2 Rxe5 44. Rh8 Rxc5 0-1

[Event "Niederbayernliga 1516"]
[Site "Bayern"]
[Date "2016.03.13"]
[Round "8.8"]
[White "Beutel, Hubert"]
[Black "Heiduk, Christoph"]
[Result "0-1"]
[WhiteElo "1695"]
[BlackElo "1893"]
[PlyCount "54"]
[EventDate "2015.10.11"]
[EventType "team-tourn"]
[EventRounds "9"]
[EventCountry "GER"]
[SourceTitle "EXT 2023"]
[Source "ChessBase"]
[SourceDate "2022.10.05"]
[SourceVersion "1"]
[SourceVersionDate "2022.10.05"]
[SourceQuality "1"]
[WhiteTeam "Passau II"]
[BlackTeam "Bayerwald Regen"]
[WhiteTeamCountry "GER"]
[BlackTeamCountry "GER"]

1. e4 c5 2. b4 cxb4 3. d4 d5 4. e5 Nc6 5. a3 Qb6 6. Be3 Bf5 7. Bd3 Bxd3 8. Qxd3 e6 9. Nf3 Rc8 10. 0-0 Nge7 11. Nbd2 Nf5 12. Rfb1 Qc7 13. Nf1 Be7 14. g4 Nxe3 15. Nxe3 0-0 16. Kg2 bxa3 17. c3 Na5 18. Rb5 b6 19. Rc1 a6 20. Rxa5 bxa5 21. h4 Qb7 22. g5 Qb2 23. Rc2 Qb1 24. Ng4 a2 25. Nf6+ Bxf6 26. gxf6 a1Q 27. Ng5 Qh1+ 0-1

[Event "Niederbayernliga 1516"]
[Site "Bayern"]
[Date "2016.02.21"]
[Round "7.7"]
[White "Beutel, Hubert"]
[Black "Schuster, Franz"]
[Result "1-0"]
[WhiteElo "1695"]
[BlackElo "1313"]
[PlyCount "73"]
[EventDate "2015.10.11"]
[EventType "team-tourn"]
[EventRounds "9"]
[EventCountry "GER"]
[SourceTitle "EXT 2023"]
[Source "ChessBase"]
[SourceDate "2022.10.05"]
[SourceVersion "1"]
[SourceVersionDate "2022.10.05"]
[SourceQuality "1"]
[WhiteTeam "Passau II"]
[BlackTeam "Roehrnbach II"]
[WhiteTeamCountry "GER"]
[BlackTeamCountry "GER"]

1. e4 c5 2. b4 e6 3. bxc5 Bxc5 4. d4 Bf8 5. c3 d6 6. Bd3 d5 7. e5 Ne7 8. Nf3 Ng6 9. h4 Ne7 10. Qe2 a6 11. a4 Nbc6 12. 0-0 Na5 13. Nbd2 b6 14. g3 Bb7 15. Ba3 Ng6 16. Bxf8 Nxf8 17. Rfb1 Nd7 18. Nf1 h6 19. Ne3 0-0 20. Kg2 f5 21. exf6 Nxf6 22. Ne5 Ne4 23. Qg4 Rxf2+ 24. Kg1 Rf6 25. Rf1 Rc8 26. Rxf6 Qxf6 27. Rf1 Qe7 28. Rf7 Qxf7 29. Nxf7 Kxf7 30. h5 Nf6 31. Qg6+ Kf8 32. Ng4 Ne4 33. Bxe4 dxe4 34. Ne5 Rc7 35. Qxe6 g5 36. Ng6+ Kg7 37. Qe5+ 1-0

[Event "Niederbayern-ch"]
[Site "Regen"]
[Date "2015.06.21"]
[Round "7"]
[White "Zepke, Armin"]
[Black "Beutel, Hubert"]
[Result "1/2-1/2"]
[WhiteElo "2109"]
[BlackElo "2041"]
[PlyCount "31"]
[EventDate "2015.06.18"]
[EventType "swiss"]
[EventRounds "7"]
[EventCountry "GER"]
[SourceTitle "EXT 2023"]
[Source "ChessBase"]
[SourceDate "2022.10.05"]
[SourceVersion "1"]
[SourceVersionDate "2022.10.05"]
[SourceQuality "1"]

1. d4 Nf6 2. Bf4 c5 3. e3 e6 4. c3 Be7 5. Nd2 0-0 6. Bd3 cxd4 7. exd4 d6 8. Bg3 Nbd7 9. Nc4 Qc7 10. Nf3 b6 11. 0-0 Bb7 12. Re1 Rac8 13. Rc1 Rfd8 14. Ncd2 Qb8 15. Qe2 Nf8 16. c4 1/2-1/2

[Event "Niederbayernliga 1415"]
[Site "Bayern"]
[Date "2015.03.15"]
[Round "8.6"]
[White "Beutel, Hubert"]
[Black "Durmaier, Felix"]
[Result "1/2-1/2"]
[WhiteElo "1712"]
[BlackElo "1647"]
[PlyCount "57"]
[EventDate "2014.10.19"]
[EventType "team-tourn"]
[EventRounds "9"]
[EventCountry "GER"]
[SourceTitle "EXT 2023"]
[Source "ChessBase"]
[SourceDate "2022.10.05"]
[SourceVersion "1"]
[SourceVersionDate "2022.10.05"]
[SourceQuality "1"]
[WhiteTeam "Passau II"]
[BlackTeam "Landau Dingolfing"]
[WhiteTeamCountry "GER"]
[BlackTeamCountry "GER"]

1. e4 c6 2. d4 d5 3. e5 Bf5 4. Bd3 Bxd3 5. Qxd3 e6 6. Nf3 Qb6 7. 0-0 Ne7 8. b3 Ng6 9. c4 Na6 10. Nc3 dxc4 11. bxc4 Rd8 12. Qe2 Bb4 13. Rb1 Qc7 14. Ne4 Be7 15. c5 0-0 16. Be3 Rb8 17. Nfd2 b5 18. cxb6 Rxb6 19. Nc4 Rxb1 20. Rxb1 Rb8 21. Rf1 c5 22. Ncd6 cxd4 23. Bxd4 Nb4 24. f4 Nh4 25. Bf2 Nd5 26. Bxh4 Bxh4 27. Qh5 Bd8 28. Ng5 Bxg5 29. fxg5 1/2-1/2

[Event "Niederbayernliga 1112"]
[Site "Bayern"]
[Date "2012.??.??"]
[Round "9"]
[White "Weidlich, Dietmar"]
[Black "Beutel, Hubert"]
[Result "1-0"]
[WhiteElo "1714"]
[BlackElo "1739"]
[PlyCount "47"]
[EventDate "2011.10.??"]
[EventType "team-tourn"]
[EventRounds "9"]
[EventCountry "GER"]
[SourceTitle "EXT 2023"]
[Source "ChessBase"]
[SourceDate "2022.10.05"]
[SourceVersion "1"]
[SourceVersionDate "2022.10.05"]
[SourceQuality "1"]
[WhiteTeam "Landau Dingolfing"]
[BlackTeam "Passau II"]
[WhiteTeamCountry "GER"]
[BlackTeamCountry "GER"]

1. e4 e6 2. d4 d5 3. Nc3 Bb4 4. e5 b6 5. Bd2 Qd7 6. Bb5 c6 7. Bf1 Ba6 8. Nce2 Bf8 9. Nf3 c5 10. c3 Nc6 11. a3 Na5 12. b4 Nc4 13. Bc1 Ne7 14. Nf4 cxd4 15. cxd4 Rc8 16. Bd3 b5 17. 0-0 Rc7 18. Nh5 Qc6 19. Ng5 Nc8 20. Nxh7 N8b6 21. Qg4 g6 22. Bxg6 fxg6 23. Qxg6+ Kd8 24. Qf6+ 1-0

[Event "Niederbayernliga 0405"]
[Site "Germany"]
[Date "2004.??.??"]
[Round "3"]
[White "Brueckl, Edgar"]
[Black "Beutel, Hubert"]
[Result "1/2-1/2"]
[WhiteElo "1869"]
[BlackElo "1906"]
[PlyCount "36"]
[EventDate "2004.??.??"]
[EventType "team"]
[EventRounds "9"]
[EventCountry "GER"]
[SourceTitle "EXT 2008"]
[Source "ChessBase"]
[SourceDate "2007.11.25"]
[SourceVersion "1"]
[SourceVersionDate "2007.11.25"]
[SourceQuality "1"]
[WhiteTeam "Eggenfelden"]
[BlackTeam "Passau II"]
[WhiteTeamCountry "GER"]
[BlackTeamCountry "GER"]

1. d4 Nf6 2. Nf3 g6 3. Bf4 Bg7 4. e3 0-0 5. Bd3 d6 6. c3 b6 7. Qe2 Bb7 8. Nbd2 Nbd7 9. 0-0 c5 10. e4 Qc7 11. h3 Nh5 12. Bh2 Bh6 13. Ne1 Nf4 14. Bxf4 Bxf4 15. g3 Bh6 16. f4 cxd4 17. cxd4 Bg7 18. Nef3 e5 1/2-1/2

[Event "Mainz Ordix op"]
[Site "Mainz"]
[Date "2003.08.16"]
[Round "1"]
[White "Beutel, Hubert"]
[Black "Dreev, Alexey"]
[Result "0-1"]
[WhiteElo "2123"]
[BlackElo "2698"]
[PlyCount "214"]
[EventDate "2003.08.16"]
[EventType "swiss (rapid)"]
[EventRounds "11"]
[EventCountry "GER"]
[SourceTitle "CBM 095 Extra"]
[Source "ChessBase"]
[SourceDate "2003.09.04"]
[SourceVersion "1"]
[SourceVersionDate "2003.09.04"]
[SourceQuality "1"]

1. e4 c6 2. d4 d5 3. exd5 cxd5 4. Bd3 Nc6 5. c3 Qc7 6. Ne2 Bg4 7. h3 Bh5 8. Qb3 e6 9. Bf4 Bd6 10. Bxd6 Qxd6 11. Ng3 Bg6 12. Bxg6 hxg6 13. Nd2 Nf6 14. Nf3 Nd7 15. 0-0 0-0-0 16. Rfe1 Kb8 17. a4 Rc8 18. a5 a6 19. Qd1 Ka8 20. Qd2 Qc7 21. b4 Na7 22. Rac1 Nb5 23. Ne2 Nd6 24. Qd3 Qc4 25. Red1 Qxd3 26. Rxd3 Ne4 27. Nd2 Nxd2 28. Rxd2 Nf6 29. f3 Ne8 30. Nf4 Nd6 31. Nd3 g5 32. Nc5 Kb8 33. Re2 Rh6 34. Re5 Rg6 35. Kf2 Kc7 36. Re2 Kd8 37. Rce1 Rb8 38. Ra2 Ke7 39. Rae2 Rh8 40. Rc1 Kd8 41. Nd3 Ke7 42. Nc5 Rf6 43. Ree1 Rf5 44. Nd3 Rh4 45. Re5 Rxe5 46. Nxe5 Rh8 47. Nd3 Kd7 48. Nc5+ Kc6 49. Ke2 Nc4 50. Ra1 Re8 51. Kf2 Nd6 52. Nd3 Kd7 53. Rc1 Ke7 54. Nc5 Rc8 55. Ke2 Rc7 56. Kd2 Nf5 57. Re1 Nh4 58. Re2 Kd6 59. Ke1 Ng6 60. Kf2 Kc6 61. Rc2 Kb5 62. Ke3 Nf4 63. Nd3 Ng6 64. Nc5 Kc4 65. g3 Ne7 66. Kf2 Nf5 67. Rc1 Nd6 68. Ke2 Rc8 69. Kd2 Rh8 70. Rh1 Kb5 71. Kd3 Kc6 72. Rh2 Nf5 73. g4 Nh4 74. Ke3 Ng6 75. Nd3 Kd6 76. Nc5 Rb8 77. Nd3 Rc8 78. Nc5 Kc6 79. Kd2 Rh8 80. Ke3 Nf4 81. Nd3 Nxd3 82. Kxd3 f6 83. Kd2 e5 84. Kd3 Kd6 85. c4 dxc4+ 86. Kxc4 Rc8+ 87. Kd3 Rc1 88. dxe5+ Kxe5 89. h4 gxh4 90. Rxh4 Kf4 91. Rh7 Rc7 92. Ke2 Re7+ 93. Kf2 Rd7 94. Ke2 Rc7 95. Rh5 Kg3 96. Rf5 Re7+ 97. Kd3 Kf2 98. g5 fxg5 99. Rxg5 Kxf3 100. Rf5+ Kg4 101. Rf1 g5 102. Kd4 Kh3 103. Kc5 g4 104. Rh1+ Kg2 105. Rh6 g3 106. Rg6 Rf7 107. b5 Kf2 0-1

[Event "Niederbayernliga 0203"]
[Site "Germany"]
[Date "2003.??.??"]
[Round "5.5"]
[White "Rader, Lothar"]
[Black "Beutel, Hubert"]
[Result "1/2-1/2"]
[WhiteElo "1728"]
[BlackElo "1947"]
[PlyCount "110"]
[EventDate "2002.??.??"]
[EventType "team"]
[EventRounds "9"]
[EventCountry "GER"]
[SourceTitle "EXT 2008"]
[Source "ChessBase"]
[SourceDate "2007.11.25"]
[SourceVersion "1"]
[SourceVersionDate "2007.11.25"]
[SourceQuality "1"]
[WhiteTeam "Deggendorf II"]
[BlackTeam "Passau II"]
[WhiteTeamCountry "GER"]
[BlackTeamCountry "GER"]

1. d4 g6 2. c4 Bg7 3. Nc3 d6 4. e4 Nd7 5. Bg5 f6 6. Be3 e5 7. Nf3 Nh6 8. Qd2 Nf7 9. d5 a5 10. Na4 b6 11. Be2 Nc5 12. Nxc5 bxc5 13. Qc2 f5 14. Bd3 Qf6 15. Bd2 Bd7 16. 0-0-0 0-0 17. Bc3 Ng5 18. exf5 gxf5 19. Nd2 Qe7 20. f3 e4 21. fxe4 fxe4 22. Nxe4 Bxc3 23. Nxc3 Qe3+ 24. Qd2 Qxd2+ 25. Rxd2 Nf7 26. b3 Ne5 27. Bc2 a4 28. Kb2 axb3 29. axb3 Rab8 30. Kc1 Rf4 31. Ne2 Rf2 32. Ng3 Rbf8 33. Ne4 R2f4 34. Re1 Kg7 35. Kb2 Rf1 36. Rxf1 Rxf1 37. Rf2 Rxf2 38. Nxf2 Be8 39. Kc3 Bg6 40. Bxg6 Kxg6 41. b4 cxb4+ 42. Kxb4 Kf5 43. c5 Kf4 44. cxd6 cxd6 45. Nh3+ Ke4 46. Ng5+ Kxd5 47. Nxh7 Nf7 48. g4 Ke5 49. h4 Kf4 50. g5 Kg4 51. g6 Nh6 52. Ng5 Kxh4 53. Nf7 Ng8 54. Nxd6 Kg5 55. g7 Kg6 1/2-1/2

[Event "Mainz Ordix op"]
[Site "Mainz"]
[Date "2002.08.17"]
[Round "1"]
[White "Vaganian, Rafael A"]
[Black "Beutel, Hubert"]
[Result "1-0"]
[WhiteElo "2664"]
[BlackElo "2123"]
[PlyCount "43"]
[EventDate "2002.08.17"]
[EventType "swiss (rapid)"]
[EventRounds "11"]
[EventCountry "GER"]
[SourceTitle "CBM 089 Extra"]
[Source "ChessBase"]
[SourceDate "2002.09.10"]
[SourceVersion "2"]
[SourceVersionDate "2002.09.10"]
[SourceQuality "1"]

1. d4 Nf6 2. c4 g6 3. Nf3 Bg7 4. g3 0-0 5. Bg2 c6 6. Nc3 d5 7. cxd5 cxd5 8. Ne5 Nc6 9. 0-0 a6 10. Nxc6 bxc6 11. Bf4 Bd7 12. Rc1 Nh5 13. Be3 Qa5 14. Qd2 Rab8 15. b3 Rbc8 16. Nxd5 Qd8 17. Nc3 Nf6 18. Bh6 Be6 19. Bxg7 Kxg7 20. e4 Qd7 21. Na4 Rfd8 22. Nb6 1-0

[Event "Bundesliga 9899"]
[Site "Germany"]
[Date "1998.12.13"]
[Round "6.8"]
[White "Kummerow, Heiko"]
[Black "Beutel, Hubert"]
[Result "1-0"]
[WhiteElo "2280"]
[BlackElo "2155"]
[PlyCount "71"]
[EventDate "1998.10.17"]
[EventType "team-tourn"]
[EventRounds "15"]
[EventCountry "GER"]
[SourceTitle "GER-chT"]
[Source "ChessBase"]
[SourceDate "1999.07.01"]
[SourceVersion "1"]
[SourceVersionDate "1999.07.01"]
[SourceQuality "1"]
[WhiteTeam "Duisburg"]
[BlackTeam "Passau"]
[WhiteTeamCountry "GER"]
[BlackTeamCountry "GER"]

1. e4 e6 2. d4 d5 3. Nd2 c5 4. exd5 Qxd5 5. Ngf3 cxd4 6. Bc4 Qd6 7. 0-0 Nf6 8. Nb3 Nc6 9. Nbxd4 Nxd4 10. Nxd4 Bd7 11. b3 a6 12. a4 Qc7 13. Bb2 Be7 14. Re1 0-0 15. Nf5 Bc5 16. Bxf6 exf5 17. Be7 Rad8 18. Bxf8 Bxf8 19. Qe2 Bc6 20. Rad1 Rxd1 21. Rxd1 Qf4 22. Bd5 Bxd5 23. Rxd5 g6 24. g3 Qb8 25. Qd2 Be7 26. Rd7 Bf6 27. Qd5 Qe8 28. Rxb7 f4 29. Rb6 Kg7 30. Rxa6 Qe2 31. Ra7 f3 32. Qxf7+ Kh6 33. Qxh7+ Kg5 34. Ra5+ Be5 35. Qh4+ Kf5 36. Qf4+ 1-0